| 000 | 00625cam a2200181 4500 | ||
|---|---|---|---|
| 008 | 090108s1970 mx a 000 0 spa u | ||
| 035 | _aa491235 | ||
| 050 | 0 | 4 |
_aHD9574 .M6 _bA86 1970 |
| 110 | 1 | _aPetróleos Mexicanos | |
| 245 | 1 | 3 |
_aEl Petróleo: _bAtolón de la faja de oro / _cComp: Humberto Zarazua Muciño. |
| 260 |
_aMéxico: _bReproducciones Gutenberg _c1970 |
||
| 265 | _aMarina Nacional No. 329, Edificio 1810-1. piso | ||
| 300 |
_a202 p.: _bil.; _c23cm. |
||
| 650 | 7 |
_aPetróleo _xHistoria _zMéxico _2Lemb |
|
| 650 | 7 |
_aHidrocarburos _zMéxico _2Lemb |
|
| 710 | 2 | _aPetróleos Mexicanos | |
| 942 |
_2lcc _cLIB |
||
| 999 |
_c66894 _d66894 |
||